00381nam a2200169Ia 4500008004100000020001400041245002100055245001900076260001500095260001600110260000900126300001400135300002500149300001000174500000800184999001900192170705s9999 xx 000 0 und d a590367951 4aThe art lesson / cTomie dePaola. aNew York : bScholastic, c1989 aunpaged : bcolor illustration ; c26cm. a650 c336738d336738